000 00222nam a22000977a 4500
999 _c507437
_d507437
082 _aL:1x5453 K45
245 _aBudget, Kerala, 1973-74
260 _aTrivandrum
_bGovernment of Kerala
_c1973
300 _av.p.
942 _2ddc